| 000 | 00532nam a2200169Ia 4500 | ||
|---|---|---|---|
| 003 | SGT | ||
| 020 | _a9789380026855 | ||
| 082 |
_a510 _bTAN |
||
| 100 | _aTaneja,H.C | ||
| 245 | _aAdvance engineering mathematics | ||
| 250 | _a2nd Ed. | ||
| 260 |
_bI.K. International Publishing House Pvt. Ltd. _aNew Delhi _c2010 |
||
| 300 | _a896p. | ||
| 650 | _aENGINEERING MATHEMATICS | ||
| 653 | _aPRELIMINARIES,INFINITE SERIES,VECTOR DIFFERENTIAL CALCULUS,FIRST ORDER ORDINARY DIFFERENTIAL EQUATIONS,LAPLACE TRANSFORMS, | ||
| 942 |
_2ddc _cBK _010 |
||
| 999 |
_c5287 _d5287 |
||